| 000 | 00756nam a2200253 a 4500 | ||
|---|---|---|---|
| 001 | 12837 | ||
| 003 | BD-JhCC | ||
| 005 | 20230518083216.0 | ||
| 008 | 230518s19851977nyua b 001 0 eng | ||
| 010 | _a 84051139 | ||
| 020 | _a0043820441 | ||
| 040 |
_aDLC _cDLC _dDLC _dBD-JhCC |
||
| 050 | 0 | 0 |
_aHF1411 _b.S69 1985 |
| 082 | 0 | 0 |
_a337 _219 _bSPE 1985 |
| 100 | 1 | _aSpero, Joan Edelman. | |
| 245 | 1 | 4 |
_aThe politics of international economic relations / _cJoan Edelman Spero. |
| 250 | _a3rd. ed. | ||
| 260 |
_aNew York : _bSt. Martin's Press, _cc1985. |
||
| 300 |
_aviii, 447 p. : _bill. ; _c23 cm. |
||
| 500 | _aIncludes index. | ||
| 504 | _aBibliography: p. 405-431. Includes index. | ||
| 650 | 0 | _aInternational economic relations. | |
| 942 |
_2ddc _cBK |
||
| 999 |
_c12841 _d12841 |
||